Statistiken für Alle Minderheiten Nordmazedoniens

Klicken Sie hier um das Quiz zu spielen!

Allgemein

  • Dieses Quiz wurde 25 mal gespielt
  • Das Durchschnittsergebnis liegt bei 6 aus 7

Antwortstatistiken

BevölkerungLand% Korrekt
17.930Serbien
100%
67.799Albanien
95%
8.713Bosnien und Herzegowina
90%
1.072Bulgarien
90%
1.433Kroatien
86%
19.922Türkei
76%
9.229Montenegro
71%

Verteilung der Resultate

Perzentil nach korrekt beantworteten Fragen

Anzahl Personen mit jedem Resultat

Ihre Resultats-Entwicklung

Sie haben dieses Quiz noch nicht gespielt